[Event "Maringa op 1st"]
[Site "Maringa"]
[Date "2024.07.28"]
[Round "5"]
[White "Shirabe, Felipe Toshiyuki Ha"]
[Black "Fernades, Pablo Nishimura Ca"]
[Result "0-1"]
[WhiteElo "1800"]
[BlackElo "1800"]
[PlyCount "33"]
[EventDate "2024.07.26"]
[EventType "swiss"]
[EventRounds "6"]
[EventCountry "BRA"]
[SourceTitle "CBM 221 Extra"]
[Source "ChessBase"]
[SourceDate "2024.09.30"]
[SourceVersion "1"]
[SourceVersionDate "2024.09.30"]
[SourceQuality "1"]

1. e4 c5 2. Nc3 d6 3. Nf3 e6 4. Bb5+ Nc6 5. Bxc6+ bxc6 6. Ng1 Nf6 7. Nf3 Be7 8. 0-0 0-0 9. h3 Bd7 10. e5 dxe5 11. Nxe5 Rb8 12. d3 Rc8 13. Ng4 Nxg4 14. Qxg4 e5 15. Bh6 Bxg4 16. hxg4 gxh6 17. Ne4 0-1

[Event "Maringa op 1st"]
[Site "Maringa"]
[Date "2024.07.27"]
[Round "3"]
[White "Fernandes Prado, Matheus"]
[Black "Shirabe, Felipe Toshiyuki Ha"]
[Result "1-0"]
[WhiteElo "1800"]
[BlackElo "1800"]
[PlyCount "65"]
[EventDate "2024.07.26"]
[EventType "swiss"]
[EventRounds "6"]
[EventCountry "BRA"]
[SourceTitle "CBM 221 Extra"]
[Source "ChessBase"]
[SourceDate "2024.09.30"]
[SourceVersion "1"]
[SourceVersionDate "2024.09.30"]
[SourceQuality "1"]

1. d4 e6 2. c4 Bb4+ 3. Bd2 Bd6 4. Nc3 e5 5. e3 exd4 6. exd4 Qe7+ 7. Qe2 Qxe2+ 8. Bxe2 Nc6 9. Nf3 Nf6 10. 0-0 0-0 11. Bg5 Re8 12. Bxf6 Re6 13. Bg5 Nb4 14. a3 Nc2 15. Rac1 Nxd4 16. Nxd4 Rg6 17. Nf3 f6 18. Bh4 b6 19. Bg3 Be7 20. Nh4 Rg5 21. Bf4 Rc5 22. b4 Rc6 23. Be3 g5 24. Nf5 Kf8 25. Nxe7 Kxe7 26. Bf3 Rxc4 27. Bxa8 Ba6 28. Nd5+ Ke6 29. Nxc7+ Kd6 30. Nxa6 Rxc1 31. Rxc1 g4 32. h4 h6 33. g3 1-0